| 000 | 03212nam0a2200397 4500 | ||
|---|---|---|---|
| 001 | RU\NLR\BIBL_A\011786501 | ||
| 005 | 20181115155729.0 | ||
| 010 |
_a978-5-91947-017-5 _91000 |
||
| 021 |
_aRU _bКН-П-18-059686 _9КН-П-18-4296 |
||
| 035 | _a(NLR Aleph) 011786501 | ||
| 035 | _a(RuMoRGB)009712930 | ||
| 090 |
_a11803450 _c11803450 |
||
| 100 | _a20180911d2013 k y0rusy50 ca | ||
| 101 | 0 | _arus | |
| 102 | _aRU | ||
| 105 | _aa|||z|||000zy | ||
| 200 | 1 |
_aЗдоровьесберегающее образование в инновационных условиях: теория, методология, практика и опыт _eколлективная монография с международным участием _e[исследование в рамках Всероссийского научного проекта "Школа здоровья - основа национальной безопасности России в третьем тысячелетии" и Национальной образовательной программы "Интеллектуально-творческий потенциал России"] _fАкадемия образования Российской Федерации, Общероссийская Малая академия наук "Интеллект будущего", Национальная образовательная программа "Интеллектуально-творческий потенциал России" _gредакционная коллегия: научный редактор Маджута А.Г. - доктор психологических наук, доктор педагогических наук, профессор, ответственный редактор: Сладков С.Н.] |
|
| 210 |
_aОбнинск _cМАН "Интеллект будущего" _d2013 |
||
| 215 |
_a279 с. _cил., табл. _d29 |
||
| 320 | _aБиблиогр. в конце гл. | ||
| 606 | 1 |
_aВалеология в образовании _2nlr_sh2 _3RU\NLR\AUTH\661460203 |
|
| 606 | 1 |
_aУчащиеся _xЗдоровье _xВлияние образа жизни _2nlr_sh1 _2nlr_sh2 _3RU\NLR\AUTH\661430841 |
|
| 610 | 0 | _aздоровьесбережение в образовании | |
| 686 | 1 | _aЧ313.54 | |
| 686 | 1 | _aР128.94-3 | |
| 686 | 1 | _aР124.61 | |
| 702 | 1 |
_aСладков _bС. Н. _gСергей Николаевич _4340 |
|
| 711 | 0 | 2 |
_a"Школа здоровья - основа национальной безопасности России в третьем тысячелетии", всероссийский научный проект _3RU\NLR\AUTH\880486158 |
| 711 | 0 | 2 |
_a"Интеллектуально-творческий потенциал России", национальная образовательная программа _3RU\NLR\AUTH\8810126469 |
| 712 | 0 | 2 |
_a"Интеллект будущего", общественная малая академия наук _cОбнинск _3RU\NLR\AUTH\8810154827 _4570 |
| 942 | _cBOOK | ||
| 980 | _aNBR | ||
| 980 | _aNB | ||